| 000 | 00536nam a22001817a 4500 | ||
|---|---|---|---|
| 005 | 20251108165259.0 | ||
| 008 | 250721s1992 xx 000 0 ara d | ||
| 082 | 1 | 4 | _a956.463/قاس |
| 100 | 1 | _aالرمحي، قاسم | |
| 245 | 1 | 0 |
_aالمزيرعه : _bأحدى قرى فلسطين المدمره / |
| 264 | 1 |
_aعمان : _bالمؤلف، _c1992. |
|
| 300 | _a228ص | ||
| 650 | 1 | 7 | _aتاريخ فلسطين |
| 650 | 1 | 7 | _aاللد ( مدينه ) |
| 650 | 1 | 7 | _aالمزيرعه ( قريه ) |
| 942 |
_2ddc _cBK |
||
| 999 |
_c23995 _d23995 |
||